000 00917nam a2200253Ia 4500
003 OSt
005 20220930070633.0
006 a|||||r|||| 00| 0
007 ta
008 220926b |||||||| |||| 00| 0 eng d
024 _a7290
037 _cTheses
040 _aCRL
_cCRL
_beng
041 _2eng
_aeng
100 _aSrinivasan Rama
_9527380
110 _aUniversity of Delhi. Faculty of Medical Sciences. Department of Obstetrics and Gynaecology
245 0 _aComparative evaluation of augmentary effects of I/M carboprost tromethamine and I/V oxytocin on ethacridine lactate for IInd trimester MTP
260 _c1986
650 _aWOMEN - DISEASES
700 _a Dr Sarla Gulati Supervisor
_9523928
700 _aUniversity of Delhi. Faculty of Medical Sciences. Department of Obstetrics and Gynaecology
942 _cDIS
_2CC
999 _c861199
_d861199